| 000 | 00585nam a22001815i 4500 | ||
|---|---|---|---|
| 001 | 161635 | ||
| 003 | ES-MaACL | ||
| 005 | 20230906212328.0 | ||
| 008 | 950206s1867 sp |||| | spa d | ||
| 040 |
_aAR _bspa _cCCPB | PA2 |
||
| 100 | 1 |
_aPelletan, Eugène. _9223510 |
|
| 245 | 1 | 0 |
_aProfesion de fe del siglo XIX / _cEugenio Pelletan ; traduccion de Diodoro Tejada. |
| 260 |
_aMadrid : _bLibrería de Alfonso Duran, _c1867 ( _fT. Fortanet) |
||
| 300 |
_a419 p. ; _c19 cm. |
||
| 594 | 1 | _aTraducido de la 6" ed. | |
| 852 |
_aES-MaACL _jG-10903 _z-- Enc. tela |
||
| 999 |
_c161635 _d161635 |
||